01290cam a22003497a 4500001000500000005001700005008004100022020001800063020001500081040002300096050002400119082001400143100001800157245009300175260003500268300002300303500003100326505000800357520018000365521002000545521002000565650003500585650002000620650002300640650001900663650002400682700002400706906004500730942001500775999001500790952013500805105620230815141940.0070117s2006 nyu j 000 1 eng d a9780439888127 a0439888123 aSRBcSRBdDLCbeng00aPZ7.E2564bSan 200600a[Fic]2221 aEdwards, Kris10aSanta Paws on Christmas Island /cby Kris Edwards ; [cover illustration by Robert Hunt]. aNew York :bScholastic,c2006. a132 pages :c20 cm a"An Apple paperback"--T.p. aR  aSanta Paws and the Callahan family are spending Christmas on a sunny Florida island. While the family tries to enjoy their vacation, Santa Paws is hard at work saving the day. a700 bLexile  aR bRaz-Plus  0aRescue dogsvJuvenile fiction. 0aAnimal stories. 0aChristmas stories. 1aDogsvFiction. 1aChristmasvFiction.1 aHunt, Robertd1952- a7bcbcccopycatd2encipf20gy-gencatlg 2ddccBKn0 c1056d1056 00102ddc40708FICa001b002cTTPd2023-07-19l1oEDW Fic PZ7.E2564pFISBK05217r2025-06-17 14:59:30s2024-01-15w2023-07-19yBK